[Event "OBEM 2015"]
[Site "Germany , Bremen"]
[Date "2015.04.01"]
[Round "6.47"]
[White "Nagel, Philipp"]
[Black "Buecker, Niklas"]
[Result "0-1"]
[WhiteElo "1000"]
[BlackElo "921"]
[PlyCount "54"]

1. d4 d5 2. Bf4 Bf5 3. Qd2 Nf6 4. f3 Nc6 5. Nc3 e6 6. Nb5 Bd6 7. e3 Bxf4 8.
exf4 a6 9. Nc3 b5 10. O-O-O b4 11. Nce2 a5 12. Ng3 Bg6 13. Re1 O-O 14. Bd3 Bxd3
15. Qxd3 Qb8 16. f5 Nd8 17. fxe6 Nxe6 18. a3 Qb7 19. axb4 axb4 20. Kb1 Qa7 21.
Kc1 Qa1+ 22. Kd2 Qxb2 23. Qb3 Qxb3 24. cxb3 Ra2+ 25. Kd1 Nxd4 26. N1e2 Nxb3 27.
Nf5 Rd2# 0-1

[Event "OBEM 2015"]
[Site "Germany , Bremen"]
[Date "2015.04.01"]
[Round "6.46"]
[White "Maul, Maik"]
[Black "Bilek, Thomas"]
[Result "0-1"]
[WhiteElo "1000"]
[BlackElo "1000"]
[PlyCount "78"]

1. e4 d5 2. e5 Nc6 3. d4 Bf5 4. Bb5 Qd7 5. Qf3 g6 6. Nc3 e6 7. Bd3 Nxd4 8. Qd1
Bxd3 9. Qxd3 Nc6 10. Be3 Nxe5 11. Qd4 f6 12. Bg5 Nc6 13. Qd2 fxg5 14. Qxg5 Nd4
15. O-O-O Nb5 16. Qg3 Bg7 17. Nge2 Nxc3 18. Nxc3 Qc6 19. Rd3 Ne7 20. Re1 Bxc3
21. Rxc3 Qd6 22. Rxc7 Qxg3 23. hxg3 Rf8 24. Rxe6 Rf7 25. g4 Kd8 26. Rxb7 a5 27.
f4 Rc8 28. Rd6+ Ke8 29. Rdd7 Ra8 30. Rdc7 Rc8 31. Rd7 Rc6 32. Ra7 Re6 33. Rdb7
Rxf4 34. a3 Rxg4 35. b4 axb4 36. axb4 Rxg2 37. b5 d4 38. b6 d3 39. cxd3 Re1#
0-1

[Event "OBEM 2015"]
[Site "Germany , Bremen"]
[Date "2015.04.01"]
[Round "6.11"]
[White "Schwenteck, Peter"]
[Black "Pautz, Peter"]
[Result "0-1"]
[WhiteElo "1888"]
[BlackElo "2082"]
[PlyCount "34"]

1. d4 Nf6 2. c4 e6 3. Nf3 Bb4+ 4. Bd2 Qe7 5. Nc3 b6 6. e3 Bb7 7. Be2 O-O 8. O-O
Bxc3 9. Bxc3 Ne4 10. Be1 d6 11. Nd2 Nd7 12. f3 Nxd2 13. Qxd2 e5 14. d5 a5 15.
e4 Nc5 16. Bf2 Bc8 17. a3 Nb3 0-1

[Event "OBEM 2015"]
[Site "Germany , Bremen"]
[Date "2015.04.01"]
[Round "6.27"]
[White "Dehning-Busse, Karsten"]
[Black "Petrov, Iouri"]
[Result "0-1"]
[WhiteElo "1796"]
[BlackElo "1585"]
[PlyCount "64"]

1. d4 Nf6 2. Nc3 d5 3. Bg5 e6 4. e4 Be7 5. e5 Nfd7 6. Bxe7 Qxe7 7. Nb5 Nb6 8.
c3 a6 9. Na3 Bd7 10. f4 O-O 11. Nf3 Na4 12. Qd2 c5 13. Bd3 b5 14. Rc1 b4 15.
cxb4 cxb4 16. Nb1 Nc6 17. b3 Nb6 18. O-O a5 19. Qe2 f6 20. Qe3 a4 21. bxa4 Nxa4
22. Bb5 Nxe5 23. Bxd7 Nxf3+ 24. Qxf3 Qxd7 25. Qb3 Qb5 26. Rc2 e5 27. fxe5 fxe5
28. Nd2 Rxf1+ 29. Nxf1 Rf8 30. Rc1 Nc3 31. Re1 Ne2+ 32. Kh1 Nc1 0-1

[Event "OBEM 2015"]
[Site "Germany , Bremen"]
[Date "2015.04.01"]
[Round "6.21"]
[White "Norbach, Alexander"]
[Black "Heldt, Nils-Lennart"]
[Result "1-0"]
[WhiteElo "1928"]
[BlackElo "1708"]
[PlyCount "65"]

1. d4 d5 2. c4 c6 3. Nc3 Nf6 4. Nf3 dxc4 5. a4 Bf5 6. e3 e6 7. Bxc4 Bb4 8. O-O
O-O 9. Qe2 Bg6 10. Ne5 Nbd7 11. Nxg6 hxg6 12. Rd1 Qe7 13. e4 e5 14. d5 Nb6 15.
dxc6 bxc6 16. Bb3 Nbd7 17. Bc2 Nc5 18. Qc4 Bxc3 19. bxc3 Nfd7 20. Ba3 Rfd8 21.
Rxd7 Qxd7 22. Bxc5 Qd2 23. Bb3 Rab8 24. Qxf7+ Kh7 25. Rf1 Qxc3 26. Bc4 Qc2 27.
Qe6 g5 28. Qf5+ g6 29. Qf7+ Kh6 30. h4 Rd3 31. Bf8+ Kh5 32. Be6 Rxf8 33. Qh7#
1-0

[Event "OBEM 2015"]
[Site "Germany , Bremen"]
[Date "2015.04.01"]
[Round "6.43"]
[White "Zijlstra, Berend"]
[Black "Weinitschke, Harald"]
[Result "0-1"]
[WhiteElo "1319"]
[BlackElo "1341"]
[PlyCount "76"]

1. c4 Nf6 2. d4 e6 3. Nc3 c5 4. d5 exd5 5. cxd5 b6 6. e4 d6 7. Bb5+ Bd7 8.
Bxd7+ Nbxd7 9. Nf3 g6 10. O-O Bg7 11. Re1 O-O 12. Qc2 Re8 13. Bf4 Ng4 14. h3
Nge5 15. Nxe5 Nxe5 16. b3 Qf6 17. Ne2 g5 18. Bh2 g4 19. Bxe5 Rxe5 20. Ng3 gxh3
21. gxh3 Rae8 22. Rad1 Qh4 23. Kg2 Rg5 24. Rd3 f5 25. Kh2 Be5 26. Rg1 f4 27.
Kg2 fxg3 28. f3 Rf8 29. Qe2 Rh5 30. Rh1 Qf6 31. f4 Qxf4 32. Rxg3+ Rg5 33. Rxg5+
Qxg5+ 34. Qg4 Qxg4+ 35. hxg4 Rf4 36. Kh3 Rxe4 37. Rd1 Re2 38. a4 Rh2# 0-1

[Event "OBEM 2015"]
[Site "Germany , Bremen"]
[Date "2015.04.01"]
[Round "6.18"]
[White "Meyer, Irmin"]
[Black "Wuttke, Manfred"]
[Result "1/2-1/2"]
[WhiteElo "1997"]
[BlackElo "1802"]
[PlyCount "58"]

1. e4 d6 2. d4 Nf6 3. Nc3 g6 4. f4 Bg7 5. Nf3 O-O 6. Bd3 c6 7. O-O Re8 8. e5
Nd5 9. Nxd5 cxd5 10. Qe1 Nc6 11. c3 e6 12. Qg3 Ne7 13. h4 Nf5 14. Qf2 h5 15.
Bd2 Bf8 16. Kh2 Nh6 17. Kh1 Ng4 18. Qe2 Kg7 19. g3 Be7 20. Bc2 b6 21. Nh2 Nh6
22. Kg2 a5 23. Bd3 Nf5 24. Nf3 Bb7 25. Bb5 Rf8 26. a4 Qc8 27. Rfe1 Ba6 28. Bxa6
Qxa6 29. Qxa6 Rxa6 1/2-1/2

[Event "OBEM 2015"]
[Site "Germany , Bremen"]
[Date "2015.04.01"]
[Round "6.1"]
[White "Margraf, Daniel"]
[Black "Jugelt, Tobias"]
[Result "1/2-1/2"]
[WhiteElo "2291"]
[BlackElo "2416"]
[PlyCount "99"]

1. e4 c5 2. Nc3 a6 3. g3 b5 4. Bg2 Bb7 5. d3 e6 6. Nh3 h5 7. O-O Nc6 8. a4 b4
9. Nd5 exd5 10. exd5 Nd4 11. Re1+ Be7 12. d6 Bxg2 13. Kxg2 Qb6 14. dxe7 Qc6+
15. f3 Nxe7 16. Bg5 f6 17. Be3 Ne6 18. d4 cxd4 19. Bxd4 Kf7 20. c3 Nf5 21. Qb3
Rab8 22. Qd1 g5 23. Qd3 Nfxd4 24. cxd4 Qd5 25. Rad1 Rb6 26. Nf2 Rc6 27. Ne4 h4
28. Nf2 Rc4 29. Re4 hxg3 30. hxg3 d6 31. Rde1 Rxd4 32. Qxa6 Rxe4 33. Rxe4 Rb8
34. Qa7+ Qb7 35. Qe3 Nc5 36. Rd4 Qe7 37. Ne4 Rb6 38. a5 Ra6 39. Qe2 Kg7 40. Qb5
Qe5 41. Qxb4 Rxa5 42. Rxd6 Nxe4 43. Rd7+ Kg6 44. Qxe4+ Qxe4 45. fxe4 Rb5 46.
Rd2 Rb3 47. Kh3 Kh5 48. Rf2 Kg6 49. Re2 Kh5 50. Rf2 1/2-1/2

[Event "OBEM 2015"]
[Site "Germany , Bremen"]
[Date "2015.04.01"]
[Round "6.2"]
[White "Hundack, Rolf"]
[Black "Bertram, Karsten"]
[Result "1-0"]
[WhiteElo "2246"]
[BlackElo "2133"]
[PlyCount "77"]

1. c4 e5 2. g3 d6 3. Bg2 Nc6 4. Nc3 Be6 5. d3 Qd7 6. Rb1 g6 7. b4 Bg7 8. Nd5
Nd8 9. Nf3 c6 10. Nc3 Bh3 11. Bxh3 Qxh3 12. Ne4 Qd7 13. c5 d5 14. Nd6+ Kf8 15.
O-O Ne7 16. Nh4 b6 17. e4 Ne6 18. f4 exf4 19. Bxf4 bxc5 20. bxc5 Nxc5 21. e5
Qe6 22. Nf3 f5 23. Qc2 Na6 24. Ng5 Qg8 25. Rb7 h6 26. Ngf7 Rh7 27. Rxe7 Kxe7
28. Qxc6 Qb8 29. Qxa6 Qb6+ 30. Qxb6 axb6 31. Rc1 Bf8 32. Rc7+ Ke6 33. Nd8+ Rxd8
34. Rxh7 g5 35. Be3 Ra8 36. Bd4 Ra4 37. Nb5 Rxd4 38. Nxd4+ Kxe5 39. Nf3+ 1-0

[Event "OBEM 2015"]
[Site "Germany , Bremen"]
[Date "2015.04.01"]
[Round "6.3"]
[White "Kardoeus, David"]
[Black "Issing, Peter"]
[Result "1-0"]
[WhiteElo "2108"]
[BlackElo "2208"]
[PlyCount "129"]

1. e4 e6 2. d4 d5 3. Nd2 a6 4. Bd3 c5 5. exd5 Qxd5 6. Ngf3 Nf6 7. O-O cxd4 8.
Nb3 Nc6 9. Nbxd4 Bd7 10. c3 Be7 11. Re1 O-O 12. Bg5 Nxd4 13. cxd4 Bc6 14. Qc2
h6 15. Bxf6 Bxf6 16. Bh7+ Kh8 17. Be4 Qd6 18. Bxc6 bxc6 19. Qc4 Rfb8 20. Ne5
Kg8 21. b3 Rd8 22. Rac1 Qxd4 23. Nxc6 Qxc4 24. Rxc4 Rd2 25. a4 a5 26. g3 Rb2
27. Re3 Ra6 28. Rd3 Bg5 29. Kg2 Bd2 30. Rd8+ Kh7 31. Rd7 f6 32. Nd4 Be3 33. Nc2
Ra7 34. Rd6 Bc1 35. Rd1 Rxc2 36. Rxc2 Ba3 37. Rc6 e5 38. Rd5 Bb4 39. Kf3 Rb7
40. Ke4 Be1 41. Rb5 Rd7 42. f4 exf4 43. gxf4 Kg6 44. Rc1 Re7+ 45. Kf3 Bd2 46.
Rb1 Kf7 47. Rb2 Bb4 48. Re2 Rd7 49. h4 Rd3+ 50. Re3 Rd7 51. h5 Rc7 52. Rd3 Ra7
53. Rbd5 Ke7 54. Kg4 Ke6 55. Rb5 Rc7 56. Rb6+ Kf7 57. Rd5 g6 58. hxg6+ Kxg6 59.
Rdb5 Rc1 60. f5+ Kf7 61. Rb7+ Be7 62. Rxa5 Rg1+ 63. Kf3 Re1 64. Raa7 h5 65.
Rxe7+ 1-0

[Event "OBEM 2015"]
[Site "Germany , Bremen"]
[Date "2015.04.01"]
[Round "6.4"]
[White "Kuegel, Tobias"]
[Black "Stieglitz, Dirk"]
[Result "1/2-1/2"]
[WhiteElo "2189"]
[BlackElo "2055"]
[PlyCount "156"]

1. e4 d6 2. d4 Nf6 3. Nc3 c6 4. f4 Qa5 5. Bd3 e5 6. Nf3 exd4 7. Nxd4 g6 8. Be3
Bg7 9. h3 Nbd7 10. O-O O-O 11. Qf3 Re8 12. Rae1 Nc5 13. Nb3 Nxb3 14. axb3 Qc7
15. Kh1 b6 16. e5 dxe5 17. fxe5 Nd5 18. Nxd5 cxd5 19. Qxd5 Be6 20. Qd6 Bxe5 21.
Qxc7 Bxc7 22. Bd4 Bd5 {(=)} 23. Bb5 Rxe1 24. Rxe1 Be6 25. Bc4 Bg3 26. Re3 Bxc4
27. Rxg3 Be6 28. b4 b5 29. Bf6 a6 30. Rd3 Bf5 31. Rd2 Rc8 32. c3 h6 33. h4 g5
34. hxg5 hxg5 35. Rd5 Be6 36. Rxg5+ Kh7 37. Kg1 Rc4 38. Bd4 Rc6 39. Kf2 Bc4 40.
Rg3 Rg6 41. Rh3+ Rh6 42. Rxh6+ Kxh6 43. Ke3 Bd5 44. g3 Kg5 45. Ba7 Kf5 46. Kd4
Bc4 47. Bb8 Be2 48. Bc7 Bc4 49. Bf4 Ke6 50. Kc5 Bb3 51. Kb6 Kd5 52. Kxa6 Kc4
53. Kb6 f5 54. Kc6 Bc2 55. Kd6 Bb3 56. Be5 Ba4 57. Ke6 Bc2 58. Bd4 Bd3 59. Ke5
Bc2 60. Kf4 Bb1 61. Ke3 Bc2 62. Bf6 Bd1 63. Kd2 Bb3 64. Bg7 Ba4 65. Ke3 Bb3 66.
Kf4 Bc2 67. Ke5 Bd3 68. Ke6 Bc2 69. b3+ Kxb3 70. Kd5 Bd3 71. Bd4 Ka4 72. Ke5
Kb3 73. Kf4 Kc4 74. Bh8 Bb1 75. g4 fxg4 76. Kxg4 Bc2 77. Bf6 Bb1 78. Bd8 Bc2
1/2-1/2

[Event "OBEM 2015"]
[Site "Germany , Bremen"]
[Date "2015.04.01"]
[Round "6.5"]
[White "Lai Hop, Duong"]
[Black "Balazs, Balint"]
[Result "1-0"]
[WhiteElo "2142"]
[BlackElo "1940"]
[PlyCount "125"]

1. Nf3 d5 2. d4 c6 3. c3 Nf6 4. Bf4 e6 5. Nbd2 Be7 6. h3 Nbd7 7. e3 O-O 8. Bd3
c5 9. O-O b6 10. Ne5 Bb7 11. Qf3 Nxe5 12. dxe5 Nd7 13. Qg3 f5 14. exf6 Nxf6 15.
Be5 Rf7 16. Rad1 Nd7 17. f4 Bh4 18. Qg4 Nxe5 19. fxe5 Qg5 20. Bxh7+ Kxh7 21.
Rxf7 Qxg4 22. hxg4 Ba6 23. Nf3 Kg6 24. Rf4 Bg3 25. Ra4 Bb5 26. Ra3 a5 27. b4 a4
28. bxc5 bxc5 29. Rb1 Ra5 30. c4 Bxc4 31. Rb6 Rb5 32. Rxb5 Bxb5 33. Rc3 Bc4 34.
Rc2 a3 35. Nd2 Bd3 36. Rc3 c4 37. Nf3 Kf7 38. Rxa3 Ke7 39. Ra5 Kd7 40. Rc5 Bc2
41. a3 Bxe5 42. Nxe5+ Kd6 43. Nd7 Kxd7 44. Kf2 Kd6 45. Rc8 Ke5 46. Ke2 Ke4 47.
Kd2 Bb3 48. Rg8 e5 49. Re8 g5 50. Re7 Ba4 51. Kc3 Bb3 52. Re6 Bd1 53. Re7 Bb3
54. Kb4 Ba2 55. a4 Kd3 56. Ka3 Bb1 57. Rxe5 d4 58. exd4 c3 59. Rxg5 Kd2 60. Rc5
Be4 61. d5 Kc2 62. d6 Kb1 63. Rxc3 1-0

[Event "OBEM 2015"]
[Site "Germany , Bremen"]
[Date "2015.04.01"]
[Round "6.6"]
[White "Steingraeber, Kai Uwe"]
[Black "Boehning, Kilian"]
[Result "1/2-1/2"]
[WhiteElo "2203"]
[BlackElo "1914"]
[PlyCount "68"]

1. e4 d5 2. exd5 Qxd5 3. Nc3 Qa5 4. d4 Nf6 5. Nf3 Bf5 6. Ne5 c6 7. g4 Bg6 8. h4
Nbd7 9. Nc4 Qc7 10. h5 Be4 11. Nxe4 Nxe4 12. Qf3 Nd6 13. Bf4 Nf6 14. O-O-O
O-O-O 15. Kb1 e6 16. Bg3 Nd5 17. Bh3 b5 18. Ne5 f6 19. Nd3 Qa5 20. Nc5 Nc4 21.
g5 Bxc5 22. Bxe6+ Kb7 23. dxc5 Qb4 24. Qb3 Qxc5 25. gxf6 gxf6 26. Bxd5 Rxd5 27.
Qc3 Rhd8 28. Rxd5 Qxd5 29. Rc1 Nd2+ 30. Ka1 Ne4 31. Qe3 {(=)} f5 32. a3 c5 33.
Bf4 Rd7 34. f3 Nd6 1/2-1/2

[Event "OBEM 2015"]
[Site "Germany , Bremen"]
[Date "2015.04.01"]
[Round "6.7"]
[White "Gebur, Thomas"]
[Black "Bueschner, Andre"]
[Result "0-1"]
[WhiteElo "1870"]
[BlackElo "2076"]
[PlyCount "54"]

1. e4 c5 2. Nc3 Nc6 3. Nge2 e6 4. d4 cxd4 5. Nxd4 a6 6. Be3 Qc7 7. f4 b5 8. a3
Na5 9. Be2 Bb7 10. O-O Nf6 11. Bf3 Nc4 12. Bc1 Bc5 13. Kh1 d6 14. e5 dxe5 15.
Bxb7 Qxb7 16. fxe5 Nxe5 17. Nb3 Be7 18. Bg5 Nc4 19. Bxf6 gxf6 20. Qg4 O-O-O 21.
a4 Rhg8 22. Qe2 Rg5 23. axb5 axb5 24. Nxb5 Qxb5 25. Ra8+ Kb7 26. Rxd8 Bxd8 27.
Nd2 Nxd2 0-1

[Event "OBEM 2015"]
[Site "Germany , Bremen"]
[Date "2015.04.01"]
[Round "6.8"]
[White "Rieping, Heiner"]
[Black "Rau, Nikita"]
[Result "1/2-1/2"]
[WhiteElo "1878"]
[BlackElo "1939"]
[PlyCount "55"]

1. e4 c5 2. Nf3 d6 3. d4 cxd4 4. Nxd4 Nf6 5. Nc3 a6 6. Be3 e5 7. Nf3 Qc7 8. Be2
Be7 9. O-O O-O 10. Qd2 b6 11. Bg5 Nbd7 12. Nh4 Nc5 13. Bxf6 Bxf6 14. Nf3 Qc6
15. Bc4 Be6 16. Bd5 Bxd5 17. exd5 Qc7 18. Ng5 h6 19. Nge4 Be7 20. Nxc5 bxc5 21.
f4 f5 22. Rad1 e4 23. g4 g6 24. Qg2 Kh7 25. Ne2 Rab8 26. b3 h5 27. gxf5 gxf5
28. Ng3 1/2-1/2

[Event "OBEM 2015"]
[Site "Germany , Bremen"]
[Date "2015.04.01"]
[Round "6.9"]
[White "Webner, Dennis"]
[Black "Wessels, Stefan"]
[Result "1-0"]
[WhiteElo "2073"]
[BlackElo "1938"]
[PlyCount "75"]

1. d4 Nf6 2. Bg5 Ne4 3. h4 h6 4. Bf4 d5 5. e3 c5 6. c3 Qb6 7. Qc1 Bf5 8. g4 Bg6
9. f3 Nd6 10. Nd2 Nd7 11. Ne2 e6 12. Bg3 Be7 13. Nf4 Bh7 14. Bd3 Bxd3 15. Nxd3
Rc8 16. Rb1 Bf6 17. Qd1 cxd4 18. exd4 Nc4 19. Nxc4 Rxc4 20. Kf1 Qa6 21. Qe2
Qxa2 22. Kg2 Qb3 23. Ra1 Qb6 24. Nf4 O-O 25. Nh5 Be7 26. Qd2 g6 27. Nf4 Kg7 28.
Rhe1 a6 29. Nxd5 exd5 30. Rxe7 Qc6 31. Rae1 b5 32. Bf4 Rh8 33. Re8 h5 34. Qe3
Rxe8 35. Bh6+ Kh7 36. Qxe8 Qf6 37. Bg5 Qg7 38. Qxd7 1-0

[Event "OBEM 2015"]
[Site "Germany , Bremen"]
[Date "2015.04.01"]
[Round "6.10"]
[White "Peters, Frank"]
[Black "Kuenitz, Bernhard"]
[Result "1-0"]
[WhiteElo "2109"]
[BlackElo "1900"]
[PlyCount "73"]

1. d4 e6 2. Nf3 Nf6 3. e3 b6 4. Bd3 Bb7 5. Nbd2 Nc6 6. c3 d5 7. O-O Bd6 8. Qe2
O-O 9. e4 dxe4 10. Nxe4 Be7 11. Re1 Qd5 12. Ng3 Nh5 13. Be4 Nxg3 14. hxg3 Qd8
15. g4 Na5 16. Bxb7 Nxb7 17. Qe4 Nd6 18. Qc6 Rc8 19. Bf4 Qe8 20. Ne5 f6 {(=)}
21. Qxe8 Rfxe8 22. Nc6 Bf8 23. Nxa7 Ra8 24. Nc6 g5 25. Bg3 f5 26. f3 Bg7 27. a4
f4 28. Bf2 Kf7 29. b3 Kg6 30. Ra2 Nb5 31. c4 Na7 32. Nxa7 Rxa7 33. Rae2 Kf7 34.
d5 e5 35. Bd4 c5 36. dxc6 Rc7 37. Bxb6 1-0

[Event "OBEM 2015"]
[Site "Germany , Bremen"]
[Date "2015.04.01"]
[Round "6.12"]
[White "Haerig, Wilfried"]
[Black "Lange, Martin"]
[Result "1-0"]
[WhiteElo "2045"]
[BlackElo "1869"]
[PlyCount "79"]

1. e4 c5 2. Nf3 Nc6 3. d4 cxd4 4. Nxd4 d6 5. Nc3 Nf6 6. Bc4 g6 7. Be3 Bg7 8. f3
Bd7 9. Qd2 Nxd4 10. Bxd4 O-O 11. O-O-O Rc8 12. Bb3 Qa5 13. Kb1 Kh8 14. h4 h5
15. Bxf6 exf6 16. Qxd6 Rxc3 17. bxc3 Bc6 18. Rd3 Qb6 19. g4 Qa5 20. gxh5 Qxh5
21. Bd5 Bb5 22. c4 Ba6 23. Rb3 Kg8 24. Qf4 Rc8 25. Qg4 Qxg4 26. fxg4 Bxc4 27.
Rxb7 Rc5 28. Rd1 Rb5+ 29. Rxb5 Bxb5 30. c4 Ba4 31. Rd3 Bf8 32. Rf3 Be7 33. e5
Bd1 34. exf6 Bc5 35. Rf4 Ba4 36. Re4 Bd7 37. Re7 Bxe7 38. fxe7 Kg7 39. c5 f5
40. g5 1-0

[Event "OBEM 2015"]
[Site "Germany , Bremen"]
[Date "2015.04.01"]
[Round "6.13"]
[White "Bonacic, Jascha"]
[Black "Mueller, Wolfgang"]
[Result "0-1"]
[WhiteElo "1861"]
[BlackElo "2025"]
[PlyCount "104"]

1. e4 e6 2. d4 d5 3. exd5 exd5 4. Bd3 Bd6 5. Ne2 Ne7 6. Nbc3 c6 7. Bf4 Bf5 8.
Qd2 Bxd3 9. Qxd3 Qc7 10. Qg3 Bxf4 11. Qxf4 Qxf4 12. Nxf4 Nd7 13. O-O-O O-O 14.
Nce2 Nf6 15. Ng3 Rfe8 16. f3 g6 17. Rhe1 h5 18. h4 Nc8 19. Rxe8+ Nxe8 20. Re1
Kf8 21. Nd3 Ncd6 22. c3 Nf6 23. Ne5 Re8 24. Kd2 Re7 25. b3 Nd7 26. Nxd7+ Rxd7
27. Kd3 Re7 28. Rxe7 Kxe7 29. c4 Ke6 30. c5 Ne8 31. b4 f6 32. Ke3 Ng7 33. Kf4
a6 34. a4 Kf7 35. Ke3 g5 36. hxg5 fxg5 37. f4 h4 38. Ne2 g4 39. f5 h3 40. gxh3
gxh3 41. Kf2 Kf6 42. Kg3 Kxf5 43. Nc3 Ne6 44. b5 Nxd4 45. b6 Ke6 46. Kxh3 Nb3
47. Kg3 Nxc5 48. Kf4 d4 49. Na2 Nxa4 50. Ke4 c5 51. Nc1 Nxb6 52. Nb3 Nd7 0-1

[Event "OBEM 2015"]
[Site "Germany , Bremen"]
[Date "2015.04.01"]
[Round "6.14"]
[White "Bokelmann, Joachim"]
[Black "Sausmikat, Armin"]
[Result "1-0"]
[WhiteElo "2022"]
[BlackElo "1893"]
[PlyCount "107"]

1. d4 d5 2. Bg5 Bf5 3. Nf3 h6 4. Bh4 Nd7 5. e3 Ngf6 6. Bd3 Bxd3 7. cxd3 e6 8.
Nc3 Be7 9. O-O O-O 10. Qb3 b6 11. Ne5 Nxe5 12. dxe5 Nd7 13. Bxe7 Qxe7 14. d4
Rfc8 15. Rfc1 a6 16. Na4 Rab8 17. Rc6 b5 18. Nc5 Nxc5 19. Rxc5 Rb6 20. Rac1 c6
{(=)} 21. g3 Qb7 22. Qb4 a5 23. Qd2 Ra8 24. Qc2 Raa6 25. f4 Qd7 26. h3 g6 27.
g4 a4 28. Kh2 Kg7 29. Qf2 Qd8 30. R5c2 Qh8 31. Qh4 Qe8 32. Qf6+ Kh7 33. Rf2 Ra7
34. Qh4 Rc7 35. Rc5 Rb8 36. Qg3 Rbc8 37. h4 Qg8 38. Qh3 Qg7 39. Rg2 Qh8 40. Qf3
f5 41. h5 Rg7 42. Rcc2 gxh5 43. gxf5 Rcg8 44. Rxg7+ Qxg7 45. Rg2 Qf7 46. Rxg8
Kxg8 47. fxe6 Qxe6 48. Qxh5 Kg7 49. Kg3 Qg6+ 50. Qxg6+ Kxg6 51. Kg4 h5+ 52. Kh4
b4 53. e6 Kf6 54. f5 1-0

[Event "OBEM 2015"]
[Site "Germany , Bremen"]
[Date "2015.04.01"]
[Round "6.15"]
[White "Mulde, Ralf"]
[Black "Klemm, Robert"]
[Result "1-0"]
[WhiteElo "2012"]
[BlackElo "1860"]
[PlyCount "49"]

1. e4 d6 2. d4 Nf6 3. Nc3 c6 4. h3 Nbd7 5. Nf3 e5 6. a4 g6 7. Bc4 Bg7 8. dxe5
dxe5 9. Qd6 Bf8 10. Qd3 Qc7 11. Ng5 Nc5 12. Qf3 Bg7 13. Bxf7+ Ke7 14. Ba2 Rf8
15. Qe2 h6 16. Qc4 b6 17. Nf3 Ba6 18. Qb4 Qd6 19. Qa3 g5 20. Nd2 Ke8 21. b4
Ncxe4 22. Ndxe4 Nxe4 23. Nxe4 Qd4 24. f3 Rd8 25. Bb2 1-0

[Event "OBEM 2015"]
[Site "Germany , Bremen"]
[Date "2015.04.01"]
[Round "6.16"]
[White "Meyer, Thorsten"]
[Black "Erofeev, Anastasia"]
[Result "0-1"]
[WhiteElo "2004"]
[BlackElo "1864"]
[PlyCount "62"]

1. e4 e5 2. Bc4 Bc5 3. Nf3 Nc6 4. O-O Nf6 5. d3 h6 6. Nc3 d6 7. Na4 Bb6 8. Nxb6
axb6 9. h3 O-O 10. Be3 d5 11. exd5 Nxd5 12. Re1 Re8 13. a3 Qd6 14. Bd2 Bd7 15.
Bxd5 Qxd5 16. Bc3 Nd4 17. Bxd4 exd4 18. Nd2 Rxe1+ 19. Qxe1 Re8 20. Qd1 Re6 21.
Kh2 Qe5+ 22. Kh1 Bc6 23. f3 f5 24. Qf1 Qg3 25. Nb3 Qh4 26. Kh2 Qf4+ 27. Kg1 Rg6
28. Kh1 Rg3 29. Qc1 Rxh3+ 30. Kg1 Qh2+ 31. Kf1 Rg3 0-1

[Event "OBEM 2015"]
[Site "Germany , Bremen"]
[Date "2015.04.01"]
[Round "6.17"]
[White "Hoffer, Hayo"]
[Black "Veit, Ingo"]
[Result "1/2-1/2"]
[WhiteElo "1857"]
[BlackElo "2001"]
[PlyCount "99"]

1. d4 e6 2. e4 d5 3. exd5 exd5 4. Nf3 Bd6 5. Bd3 Ne7 6. O-O O-O 7. Bg5 f6 8.
Bh4 Nf5 9. c3 Nxh4 10. Nxh4 f5 11. Nf3 Nd7 12. Nbd2 Nf6 13. Qc2 Ne4 14. Ne5
Nxd2 15. Qxd2 Bxe5 16. dxe5 f4 17. f3 c6 18. Qc2 Qh4 19. Rae1 Be6 20. Qf2 Qh6
21. Qc2 Qh5 22. Rf2 Rae8 23. Rfe2 Re7 24. c4 Rfe8 25. cxd5 Bxd5 26. Qc3 Qf7 27.
a3 b5 28. Be4 Rd8 29. Bxd5 Qxd5 30. b4 Re6 31. Rc1 Qd3 32. Kf2 Rd5 33. Qxd3
Rxd3 34. Ra1 Rd5 35. Rae1 c5 36. bxc5 Rxc5 37. g3 g5 38. gxf4 gxf4 39. Re4 Rc2+
40. R1e2 Rc5 41. Rxf4 Rcxe5 42. Rxe5 Rxe5 43. Rf6 Kg7 44. Ra6 Re7 45. Ra5 Rb7
46. Ke3 Kf6 47. Kd4 b4 48. axb4 Rxb4+ 49. Ke3 Rb7 50. Kf4 1/2-1/2

[Event "OBEM 2015"]
[Site "Germany , Bremen"]
[Date "2015.04.01"]
[Round "6.19"]
[White "Beinke, Lukas"]
[Black "Lai Hop, Long"]
[Result "1/2-1/2"]
[WhiteElo "1958"]
[BlackElo "1796"]
[PlyCount "36"]

1. c4 c6 2. g3 d5 3. b3 Bf5 4. Nf3 e6 5. Bg2 Bxb1 6. Rxb1 Nf6 7. O-O Be7 8. d3
O-O 9. Qc2 Nbd7 10. b4 Re8 11. b5 Rc8 12. bxc6 bxc6 13. Qa4 Qc7 14. Bf4 e5 15.
Nxe5 Nxe5 16. d4 Bd6 17. dxe5 Bxe5 18. Bxe5 Rxe5 1/2-1/2

[Event "OBEM 2015"]
[Site "Germany , Bremen"]
[Date "2015.04.01"]
[Round "6.20"]
[White "Laubrock, Paul"]
[Black "Jung, Gerald"]
[Result "0-1"]
[WhiteElo "1793"]
[BlackElo "1953"]
[PlyCount "50"]

1. d4 g6 2. e4 Bg7 3. Nc3 c5 4. Nge2 cxd4 5. Nxd4 Nc6 6. Be3 Nf6 7. Bc4 Qa5 8.
O-O Qb4 9. Bb3 O-O 10. a3 Qa5 11. f4 Qh5 12. Qxh5 Nxh5 13. e5 d6 14. Nxc6 bxc6
15. exd6 exd6 16. Ba4 Bb7 17. Ne4 Rad8 18. Rfe1 Rfe8 19. Ng5 Bxb2 20. Rab1 Bc3
21. Rxb7 Bxe1 22. Nxf7 Rxe3 23. Nxd8 Bh4 24. g4 Nxf4 25. Bb3+ d5 0-1

[Event "OBEM 2015"]
[Site "Germany , Bremen"]
[Date "2015.04.01"]
[Round "6.22"]
[White "Lubbe, Alexander"]
[Black "Traetmar, Mattis"]
[Result "1-0"]
[WhiteElo "1905"]
[BlackElo "1689"]
[PlyCount "95"]

1. e4 c5 2. Nf3 Nc6 3. Nc3 a6 4. d4 cxd4 5. Nxd4 d6 6. Be3 Nf6 7. f3 e6 8. Qd2
Be7 9. g4 Nd7 10. O-O-O Nde5 11. Be2 Na5 12. b3 Bd7 13. f4 Nec6 14. f5 Rc8 15.
fxe6 fxe6 16. Rdf1 Nb4 17. Kb2 Qc7 18. a3 d5 19. axb4 Qd6 20. Na2 dxe4 21. bxa5
Qa3+ 22. Kb1 Rc5 23. Qb4 Qxb4 24. Nxb4 Rc3 25. Bd2 Bxb4 26. Bxc3 Bxc3 27. Rd1
g6 28. Bc4 e5 29. Ne2 Bxa5 30. h3 h5 31. gxh5 Rxh5 32. Ng3 Rh4 33. Bd5 e3 34.
Rd3 Bb6 35. Bf7+ Kxf7 36. Rxd7+ Ke6 37. Rxb7 Bd4 38. Ne2 g5 39. c3 Bc5 40. Rg7
Be7 41. Kc2 Kf6 42. Rg8 Kf7 43. Rc8 g4 44. Rf1+ Ke6 45. hxg4 Rh2 46. Kd3 Bg5
47. Re8+ Kd6 48. Rf5 1-0

[Event "OBEM 2015"]
[Site "Germany , Bremen"]
[Date "2015.04.01"]
[Round "6.23"]
[White "Dittmas, Hugh"]
[Black "Bensmann, Jannis"]
[Result "1-0"]
[WhiteElo "1893"]
[BlackElo "841"]
[PlyCount "53"]

1. d4 d5 2. c4 c6 3. Nf3 Nf6 4. Nc3 dxc4 5. a4 Bf5 6. Ne5 Nbd7 7. Nxc4 Qc7 8.
g3 e5 9. dxe5 Nxe5 10. Bf4 Nfd7 11. Bg2 g5 12. Ne3 gxf4 13. Nxf5 O-O-O 14. O-O
fxg3 15. hxg3 h5 16. Qc2 Ng4 17. Ne4 h4 18. Rfd1 h3 19. Bf3 Nde5 20. Rxd8+ Qxd8
21. Bxg4 Nxg4 22. Rd1 Qb6 23. Qd2 Bc5 24. Qf4 h2+ 25. Kh1 Rg8 26. Nxc5 Qxc5 27.
Nd6+ 1-0

[Event "OBEM 2015"]
[Site "Germany , Bremen"]
[Date "2015.04.01"]
[Round "6.24"]
[White "Boehm, Karl"]
[Black "Buchloh, Adrian"]
[Result "1-0"]
[WhiteElo "1859"]
[BlackElo "1611"]
[PlyCount "63"]

1. d4 d5 2. Nf3 e6 3. c4 c6 4. e3 f5 5. Nc3 Nf6 6. Be2 Be7 7. O-O O-O 8. b3 Ne4
9. Bb2 g5 10. Ne5 Nd7 11. f3 Nxc3 12. Bxc3 Bd6 13. f4 g4 14. g3 Nf6 15. Bd3 Kg7
16. Kg2 h5 17. Rh1 Ne4 18. Bxe4 dxe4 19. d5 Kg8 20. dxc6 Bxe5 21. Bxe5 bxc6 22.
Bd6 Rf7 23. c5 h4 24. h3 hxg3 25. hxg4 Rg7 26. g5 Bd7 27. Qh5 Qe8 28. Qh6 Rc8
29. Be5 Qe7 30. Qh8+ Kf7 31. Qxg7+ Ke8 32. Rh8+ 1-0

[Event "OBEM 2015"]
[Site "Germany , Bremen"]
[Date "2015.04.01"]
[Round "6.25"]
[White "Gerken, Juergen"]
[Black "Koerber, Uwe"]
[Result "1/2-1/2"]
[WhiteElo "1599"]
[BlackElo "1832"]
[PlyCount "93"]

1. d4 d5 2. c4 e6 3. Nc3 c6 4. Nf3 f5 5. g3 Nf6 6. Bg2 Bd6 7. c5 Bc7 8. Bf4
Bxf4 9. gxf4 Ne4 10. Rc1 O-O 11. O-O Bd7 12. e3 Be8 13. Ne5 Nd7 14. Nxd7 Qxd7
15. Rc2 Kh8 16. Qf3 Nf6 17. Qh3 Ng4 18. Bf3 Rf6 19. Bxg4 fxg4 20. Qg3 Bg6 21.
Rd2 Raf8 22. f3 Bh5 23. fxg4 Bxg4 24. Rg2 Bf5 25. Qe1 Bh3 26. Rg5 Bxf1 27. Qxf1
Rf5 28. Rg3 e5 29. dxe5 Rxe5 30. Qd3 Rh5 31. Ne4 Rh3 32. Rg2 Rxe3 33. Qxe3 dxe4
34. Kh1 Qd1+ 35. Rg1 Qf3+ 36. Qxf3 exf3 37. Rd1 h6 38. Rd4 g5 39. Kg1 Kg7 40.
fxg5 f2+ 41. Kf1 hxg5 42. Rd7+ Rf7 43. Rxf7+ Kxf7 44. Kxf2 b6 45. cxb6 axb6 46.
Ke3 Ke6 47. Ke4 1/2-1/2